Statistics for Airlines that fly to Schiphol (Amsterdam)

Click here to take the quiz!

General Stats

  • This quiz has been taken 396 times
    (119 since last reset)
  • The average score is 44 of 75

Answer Stats

Country of OriginAnswer% Correct
NetherlandsKLM Cityhopper
96%
NetherlandsKLM Royal Dutch Airlines
96%
FranceAir France
90%
GermanyLufthansa
89%
CanadaAir Canada
88%
United StatesDelta Airlines
86%
IrelandRyanair
86%
MexicoAeromexico
85%
SwitzerlandSwiss Int. Airlines
85%
IrelandAer Lingus
83%
United StatesAmerican Airlines
83%
United KingdomBritish Airways
83%
United Arab EmiratesEmirates
83%
IsraelEl Al Israel Airlines
82%
SpainIberia Express
82%
QatarQatar Airways
82%
United StatesUnited Airlines
82%
TurkeyTurkish Airlines
81%
FinlandFinnair
79%
IndiaAir India
76%
South KoreaKorean Air
76%
Denmark, Norway & SwedenSAS Scandinavian Airlines
76%
GreeceAegean Airlines
75%
Hong KongCathay Pacific Airways
75%
United KingdomeasyJet
75%
IcelandIcelandair
75%
PolandLOT Polish Airlines
75%
United Arab EmiratesEtihad Airways
74%
MaltaAir Malta
72%
SerbiaAir Serbia
72%
ChinaChina Eastern Airlines
72%
ChinaChina Southern Airlines
72%
MoroccoRoyal Air Maroc
72%
SingaporeSingapore Airlines
72%
PortugalTAP Air Portugal
72%
EgyptEgyptAir
71%
AustriaAustrian Airlines
65%
KenyaKenya Airways
64%
LatviaairBaltic
63%
NorwayNorwegian Air Shuttle
58%
NetherlandsTransavia
58%
FranceTransavia France
58%
TaiwanEVA Air
57%
ItalyITA Airways
56%
IndonesiaGaruda Indonesia
54%
China Airlines
50%
United StatesJetBlue
50%
KuwaitKuwait Airways
50%
JordanRoyal Jordanian Airlines
50%
GermanyEurowings
49%
MoroccoAir Arabia Maroc
47%
TurkeyPegasus Airlines
47%
SpainVueling
47%
CroatiaCroatia Airlines
46%
KazakhstanAir Astana
44%
Saudi ArabiaSaudia Airlines
44%
RomaniaTarom
44%
SpainAir Europa
42%
BulgariaBulgaria Air
40%
IcelandPlay
39%
NetherlandsTUI Fly
39%
CanadaAir Transat
36%
TurkeyCorendon Airlines
32%
NetherlandsCorendon Dutch Airlines
32%
GeorgiaGeorgian Airways
32%
ChinaXiamen Airlines
32%
IsraelArkia Israel Airlines
31%
TurkeySunexpress
25%
SurinameSurinam Airways
25%
GreeceSKY Express
13%
SwitzerlandEasyJet Switzerland
8%
MoldovaFlyone
6%
FranceAmelia
3%
NorwayNorwegian Air International
1%
IraqUR Airlines
1%

Score Distribution

Percentile by Number Answered

Percent of People with Each Score

Your Score History

You have not taken this quiz since the last reset